Lope de Vega: y los orígenes del teatro español
Uloženo v:
| Hlavní autor: | |
|---|---|
| Médium: | Kniha |
| Jazyk: | španělština |
| Vydáno: |
Madrid
Edi-6
1981
|
| Edice: | Patronato Arcipreste de Hita
|
| Témata: | |
| Tagy: |
Přidat tag
Žádné tagy, Buďte první, kdo vytvoří štítek k tomuto záznamu!
|
MARC
| LEADER | 00000nam a2200000 a 4500 | ||
|---|---|---|---|
| 001 | UCX0913 | ||
| 003 | CL-VaPUC | ||
| 005 | 20210619001805.0 | ||
| 008 | 900411e19810000sp 1 spa d | ||
| 082 | 0 | 4 | |a 862.09 |b CRI |2 21 |
| 100 | 1 | |a Criado de Val, Manuel |e author |9 616780 | |
| 245 | 1 | 0 | |a Lope de Vega: y los orígenes del teatro español |
| 246 | 1 | 0 | |a Actas del I Congreso Internacional sobre Lope de Vega |
| 260 | |a Madrid |b Edi-6 |c 1981 | ||
| 300 | |a 974 p | ||
| 490 | 0 | |a Patronato Arcipreste de Hita | |
| 583 | |a last modification |c 19900411 00:00:00 |k Rodrigo Vera | ||
| 600 | 1 | 7 | |a VEGA, LOPE DE |2 CL-VaPUC |9 319628 |
| 650 | 0 | 0 | |a Teatro español |9 265077 |
| 650 | 0 | 7 | |a HISTORIA Y CRITICA 1500-1700 |2 CL-VaPUC |9 267964 |
| 650 | 0 | 0 | |a Crítica e interpretación |9 255042 |
| 942 | |c BK | ||
| 945 | |d 19900411 00:00:00 | ||
| 546 | |a En Español | ||
| 518 | |p Congreso Internacional sobre Lope de Vega, 1 | ||
| 999 | |c 382117 |d 382115 | ||
| 952 | |0 0 |1 0 |4 0 |6 862_090000000000000_CRI_1981 |7 0 |8 A |9 503656 |a FDOPOS |b FDOPOS |d 2020-01-23 |i 2857200 |o 862.09 CRI 1981 |p 2857200 |r 2025-01-22 |w 2020-01-23 |y BK |k MLH | ||